القيم السائدة في القصص الشعية الكردية والعربية : دراسة مقارنة

Bibliographic Details
Main Author: عزيز، عمر ابراهيم (Author)
Format: Book
Language:Arabic
Published: Amman : Dar Dajlah , 2009
Edition:الطبعة 1
Subjects:

MARC

LEADER 00000cam a2200000 7i4500
001 0000079821
005 20130227093000.0
008 120708s2009 jo ara
020 |a 9789957478100 
020 |a 9957478109 
050 0 0 |a PJ7585   |b .A95 2009 
090 0 0 |a PJ7585   |b .A95 2009 
100 1 |a عزيز، عمر ابراهيم ,   |e author 
241 1 3 |a al-Qiyam al-saidah fi al-qisas al-sha'biyah al-kurdiyah wa al-arabiyah: dirasah muqaranah 
245 1 2 |a القيم السائدة في القصص الشعية الكردية والعربية :   |b دراسة مقارنة   |c د. عمر ابراهيم عزيز 
250 |a الطبعة 1 
260 |a Amman :   |b Dar Dajlah ,   |c 2009 
300 |a 190 p. ;   |c 25 cm. 
504 |a Includes bibliographical references (p. 176-190) 
650 0 |a Folk literature, Arabic   |x History and criticism 
999 |a 1000150260   |b Book   |c OPEN SHELF (30 DAYS)   |e Gong Badak Campus